000 00476cam a2200193 4500
001 D2990
008 090401t1979 xxu||||| |||| 00| 0 eng d
035 _a(Sirsi) u98026
041 _aeng
050 _a344.410465
100 _aCruddace, B.D.
245 _aSafety representatives
260 _aAscot, Berks
_bInstitute of Building
_c1979
300 _a9p. 30cm
350 _a0
490 _aSite Management Information Service
_v77
942 _n0
948 _c04/03/1997
999 _c99054
_d99054